Landen waar de Nulmeridiaan of Evenaar Doorheen Loopt - Statistieken

Algemene statistieken
  • Deze quiz is 2.103 keer genomen
  • De gemiddelde score is 17 van 19
Antwoorden op de kaart
Antwoorden kleurgecodeerd door een groen-rode schaal op de quizkaart volgens % correct hieronder.
 
Antwoordstatistieken
Land % Correct
Brazilië
99%
Frankrijk
97%
Indonesië
97%
Colombia
95%
Spanje
95%
Verenigd Koninkrijk
95%
Algerije
94%
Democratische Republiek Congo
94%
Ecuador
93%
Republiek Congo
93%
Mali
87%
Kenia
83%
Ghana
80%
Burkina Faso
78%
Somalië
77%
Gabon
76%
Oeganda
76%
Togo
76%
Sao Tomé en Principe
71%
Geen overeenkomende quizzen gevonden
Scoreverdeling
Procent van Mensen met Elke Score
Percentiel versus Aantal Correcte Antwoorden
Uw Scoregeschiedenis
U heeft deze quiz nog niet genomen